मध्यकालीन धर्म-साधना / (Record no. 111976)
[ view plain ]
| 000 -LEADER | |
|---|---|
| fixed length control field | 01238nam a22002777a 4500 |
| 003 - CONTROL NUMBER IDENTIFIER | |
| control field | dpl |
| 005 - DATE AND TIME OF LATEST TRANSACTION | |
| control field | 20191001114631.0 |
| 008 - FIXED-LENGTH DATA ELEMENTS--GENERAL INFORMATION | |
| fixed length control field | 191001b ||||| |||| 00| 0 eng d |
| 010 ## - LIBRARY OF CONGRESS CONTROL NUMBER | |
| LC control number | B-158036 |
| 020 ## - INTERNATIONAL STANDARD BOOK NUMBER | |
| Terms of availability | 150.00 |
| 035 ## - SYSTEM CONTROL NUMBER | |
| System control number | B-158036 |
| 037 ## - SOURCE OF ACQUISITION | |
| Source of stock number/acquisition | Cen Lib/Ret |
| 040 ## - CATALOGING SOURCE | |
| Original cataloging agency | DPL |
| Language of cataloging | HN |
| Transcribing agency | dpl |
| 082 ## - DEWEY DECIMAL CLASSIFICATION NUMBER | |
| Classification number | 820.8 |
| Item number | दिवेदी |
| 100 ## - MAIN ENTRY--PERSONAL NAME | |
| Personal name | द्विवेदी, आचार्य हजारीप्रसाद |
| 9 (RLIN) | 45309 |
| 245 ## - TITLE STATEMENT | |
| Title | मध्यकालीन धर्म-साधना / |
| Statement of responsibility, etc | आचार्यहजारी प्रसाद द्विवेदी द्वारा प्रस्तुत |
| 246 ## - VARYING FORM OF TITLE | |
| Title proper/short title | Madhyakaleen dharma sadhna / |
| Remainder of title | by Acharya Hajareeprasad Drivedi |
| 260 ## - PUBLICATION, DISTRIBUTION, ETC. (IMPRINT) | |
| Place of publication, distribution, etc | इलाहाबाद |
| Name of publisher, distributor, etc | साहित्य भवन |
| Date of publication, distribution, etc | 2003 |
| 270 ## - ADDRESS | |
| City | इलाहाबाद |
| Address | २२, दयानद मार्ग |
| 300 ## - PHYSICAL DESCRIPTION | |
| Extent | 157पृ. |
| Dimensions | 20सेमी(सजिल्द ) |
| 650 ## - SUBJECT ADDED ENTRY--TOPICAL TERM | |
| Topical term or geographic name as entry element | हिंदी साहित्य |
| General subdivision | |
| Geographic subdivision | |
| 9 (RLIN) | 45310 |
| 650 ## - SUBJECT ADDED ENTRY--TOPICAL TERM | |
| Form subdivision | |
| Topical term or geographic name as entry element | हिंदी धर्मशास्त्र |
| 9 (RLIN) | 45311 |
| 650 ## - SUBJECT ADDED ENTRY--TOPICAL TERM | |
| Topical term or geographic name as entry element | Hindi litarature |
| 9 (RLIN) | 45312 |
| 650 ## - SUBJECT ADDED ENTRY--TOPICAL TERM | |
| Topical term or geographic name as entry element | Hindi theology |
| 9 (RLIN) | 45313 |
| 942 ## - ADDED ENTRY ELEMENTS (KOHA) | |
| Source of classification or shelving scheme | Dewey Decimal Classification |
| Koha item type | Hindi Books |
| Classification part | 820.8 |
| Call number suffix | दिवेदी |
| Withdrawn status | Lost status | Source of classification or shelving scheme | Damaged status | Not for loan | Home library | Current library | Date acquired | Source of acquisition | Cost, normal purchase price | Total Checkouts | Total Renewals | Full call number | Barcode | Date last seen | Date checked out | Copy number | Cost, replacement price | Price effective from | Koha item type |
|---|---|---|---|---|---|---|---|---|---|---|---|---|---|---|---|---|---|---|---|
| Dewey Decimal Classification | Central Library | Central Library | 06/08/2015 | Cen Lib/Ret | 150.00 | 1 | 1 | 820.8 दिवेदी | B-158036 | 23/03/2021 | 22/02/2021 | 1 | 150.00 | 06/08/2015 | Hindi Books |
